| 000 | 00961nam a22003017a 4500 | ||
|---|---|---|---|
| 001 | 4612 | ||
| 003 | FISKH | ||
| 005 | 20240918101214.0 | ||
| 008 | 240918b cb ||||| |||| 00| 0 eng d | ||
| 020 | _a9780064421737 | ||
| 040 |
_aFISKH _beng _cFISKH _dFISKH |
||
| 050 | _aPZ7.B81422 | ||
| 082 | _2823.914 | ||
| 100 |
_aBrown, Jeff _d(1926–2003) |
||
| 245 |
_aStanley, flat again / _cby Jeff Brown Pictures by Scott Nash |
||
| 250 | _aFirst edition in 2004 | ||
| 260 |
_aNew York : _bHarperTrophy, _c2004. |
||
| 300 |
_a87 pages : _billustrations ; _c20cm |
||
| 505 | _aJ | ||
| 520 | _aAfter Stanley Lambchop goes flat once again, he uses his flatness to help win a sailboat race and to rescue a classmate from a collapsed building. | ||
| 521 | 8 |
_a480L
_bLexile |
|
| 521 | 8 |
_aJ
_bRaz-Plus |
|
| 650 |
_2Flat Stanley _aFiction |
||
| 650 |
_2Fantasy _aAdventure |
||
| 700 |
_aNash, Scott _dIllustrator ; |
||
| 942 |
_2ddc _cBK _n0 |
||
| 999 |
_c4612 _d4612 |
||